000 00767cam a2200277 4500
001 ABS65810
008 020812n2002 000 0 eng u
035 _a(Sirsi) u119300
245 _aFocus: London Boroughs (zones 2, 3 & 4)
260 _c2002
490 _aEstates Gazette
_v(0232) 3 August 2002, 49-69(16)
590 _aABS
650 _aLONDON
650 _aHOUSING
650 _aSOUTH BANK OF LONDON
650 _aCAMDEN
650 _aPROPERTY-COMMERCIAL PROPERTY-OFFICE PROPERTY-OFFICE PROPERTY MARKET
650 _aDEVELOPMENT
650 _aWHITE CITY
650 _aREGENERATION
650 _aDOME
650 _aGREENWICH
650 _aMAYOR OF LONDON
690 _aPROPERTY-COMMERCIAL PROPERTY-COMMERCIAL PROPERTY MARKET
942 _n0
999 _c70929
_d70929